• 首页
  • 本馆介绍
  • 公告通知
  • 最新文献
  • 馆藏检索
  • 电子资源
  • 读者导购
  • 参考咨询
  • 我的图书馆
  • 登录
  • 详细信息显示
  • 放入我的书架
  • 预约/预借图书
  • 作者相关作品
  • 分类相关作品
  • 丛书相关作品
  • 出版社相关作品

书目信息

  • 表格格式
  • 工作单格式
  • 卡片格式
题名:
刘少奇同志永垂不朽
    
 
作者:
分册:  
出版信息: 北京   人民出版社  1980
页数: 75页
开本: 21cm
丛书名:
单 册:
中图分类: D239 , K827.7
科图分类:
主题词: 中国共产党
电子资源:
ISBN:
000 00612nam0 2200241 45
001 0180000487
005 20060522160354.68
010    @dCNY0.24
091    @a3001.1750
100    @a19950224d1980 em y0chiy0121 ea
101 0  @achi
102    @aCN@b110000
105    @af z 000yd
200 10 @a刘少奇同志永垂不朽@Aliu shao qi tong zhi yong chui bu xiu
210    @a北京@c人民出版社@d1980
215    @a75页@c照片@d21cm
600  0 @a刘少奇@x生平事迹
606 0  @a中国共产党
690    @aD239
690    @aK827.7@v3
801  2 @aCN@bNLC@c20060522
801  0 @aCN@b上海图书馆@c20040426
905    @dD239@e26
    
    刘少奇同志永垂不朽.-北京:人民出版社,1980
    75页:照片;21cm
    
    
    ISBN :CNY0.24
    
●
相关链接 在E读中查询图书 在五车中查询图书 在当当中查询图书 在豆瓣中查询图书


正题名:刘少奇同志永垂不朽     索取号:D239/26         预约/预借

序号 登录号 条形码 馆藏地/架位号 状态 备注
1 0067925   001018525   密集书库/ [索取号:D239/26] 在馆    
2 0067926   001018534   第一样本阅览室/ [索取号:D239/26] 在馆    
3 0067927   202368080   密集书库/ [索取号:D239/26] 在馆    
4 0067928   001018516   密集书库/ [索取号:D239/26] 在馆    
5 0067929   001018507   密集书库/ [索取号:D239/26] 在馆    
6 0067930   000377666   密集书库/ [索取号:D239/26] 在馆    
唐山师范学院图书馆 欢迎您!
大连网信软件有限公司© 版权所有